| 000 | 00540nam a2200169Ia 4500 | ||
|---|---|---|---|
| 999 |
_c21664 _d21664 |
||
| 003 | OSt | ||
| 005 | 20200625111128.0 | ||
| 008 | 190216s9999||||xx |||||||||||||| ||und|| | ||
| 020 | _a9788190891806 | ||
| 040 | _coclc | ||
| 082 |
_a954.007202 _bSID/I |
||
| 100 |
_aSiddiqui, Iqtidar Husain _93006 |
||
| 245 | 0 |
_aIndo-Persian Historiography Up to the Thirteenth Century / _cIqtidar Husain Siddiqui |
|
| 260 |
_bPrimus Books, _c2010. _aDelhi: |
||
| 300 | _a199p | ||
| 942 |
_cBK _2ddc _h954.007202 _iSID/I _k954.007202 _mSID/I |
||